00637nas a22001937i 45000010005000000030004000050050017000090070003000260080041000290220014000700240014000840240020000980400008001182450027001262600036001531100061001898660042002508660151002925753OSt20170126082349.0tu161220s xxu||||| |||| 00| 0 d a1465-64857 a57532RID7 a57532RSN (alt) cOSt00aGerman Economic Review aOxford :bBlackwell Publishing.2 aVerein für Socialpolitik (German Economic Association) 0u2000 ff (Unvollständig) - 2010/11,2 0uBestände unvollständig
vorhanden:
2000 1/3 - 2003/4
2004 5/1 -
fehlende Bestände:
2000 1/1-2
2003 4/1
2004 5/1